000 00720nam a2200217 a 4500
001 BRCA_1826
005 20190320203551.0
008 210508s----1980mx-a---###---#000-0#spa-#
050 4 _aNK4698
_b.B66 1980
100 1 _aBonanni, Philippo
_95679
245 1 0 _aColección de medallas de los sumos pontifices que informa de la construcción del Templo del Vaticano
_cPhilippo Bonanni.
250 _a3
260 _aMéxico
_bJuan Cortina Portilla
_c1980
300 _a218 p.
_bil.
_c36 cm.
500 _aFacsímil de : 1715
500 _aColección Sonia Corcuera de Mancera
650 1 4 _aBasílica de San Pedro
_vProyectos
_xConstrucción
_95680
650 1 4 _aVaticano
_xMedallas
_95681
902 _aDSC
942 _2lcc
_cB
999 _c1607
_d1607